000 00422nam a2200157Ia 4500
008 240729s9999 xx 000 0 und d
022 _a1873-1414
245 0 _aJournal of Sea Research
260 _aNetherlands
260 _bElsevier
650 _a Oceanography
650 _aGeography. Anthropology. Recreation
856 _uhttps://doaj.org/toc/a490ed1d705c4f68ae625942ac02eba7
942 _2ddc
942 _cDOAJEJ
999 _c73341
_d73341
945 _a1
_bMadushi Gamage
_c1
_dMadushi Gamage